Chansons de Niska - Statistiques

Statistiques générales
  • Ce quiz a été pris 304 fois
    122 depuis la dernière actualisation
  • Le résultat moyen est 31 sur 117
Statistiques - réponses
Album Chanson % Correct
Commando Réseaux
90%
Commando Salé
82%
Charo Life Matuidi charo
68%
Commando Chasse À l'homme
60%
Mr Sal Siliconé
60%
Mr Sal Bâtiment
58%
Commando Tuba Life
55%
Mr Sal Méchant
53%
Mr Sal Médicament
53%
Commando Story X
53%
Mr Sal Mr Sal
52%
Commando W.L.G
50%
Le monde est méchant Le monde est méchant
48%
Commando B.O.C
47%
Commando Medellin
47%
Commando Amour X
45%
GOAT Coco
42%
Commando H&M
42%
Le monde est méchant N.I
42%
Le monde est méchant 44
38%
Zifukoro Elle avait son Djo
37%
Charo Life | GOAT 911
35%
GOAT Collabo
35%
Mr Sal Du lundi au lundi
35%
Commando Favélas
35%
Le monde est méchant Journée
35%
Commando La Wewer
35%
Commando Snapchat
35%
Commando Versus
35%
Zifukoro Zifukoro
35%
GOAT Boucherie
33%
Le monde est méchant (V2) Genkidama
33%
Le monde est méchant Jota
32%
Charo Life Mama
32%
Commando Ah Bon ?
30%
GOAT Jungle
30%
Charo Life Ochoa
30%
Le monde est méchant 140G
28%
Zifukoro Italia
28%
Zifukoro Mustapha Jefferson
28%
Le monde est méchant Paris
28%
Mr Sal Vrai
28%
Le monde est méchant Blue Magic
27%
Mr Sal Des flingues et des roses
27%
Commando D.M.B
27%
Le monde est méchant Joe Pesci
27%
Le monde est méchant Lundi
27%
Mr Sal Manu le coq
27%
Zifukoro Mauvais payeur
27%
Commando Twerk dans l'binks
27%
GOAT Waribana
27%
GOAT Guitare
25%
Charo Life Intro
25%
GOAT Authentique
23%
GOAT Ghetto Star
23%
Charo Life Gros bonnets
23%
Mr Sal Bon déjà
22%
Le monde est méchant De bon matin
22%
Mr Sal Mendoza
22%
Zifukoro M.L.C
22%
Mr Sal Bandit Chef
20%
Mr Sal Hasta Luego
20%
Mr Sal La zone est minée
20%
GOAT Opinel 12
20%
Le monde est méchant (V2) Sal baye
20%
Mr Sal Valise
20%
GOAT Du Sal
18%
Le monde est méchant Mapess
18%
Mr Sal Stop
18%
Charo Life Tony Montana
18%
GOAT Broly
17%
Zifukoro Cala Boca
17%
Le monde est méchant CDC
17%
GOAT Loin d'eux
17%
GOAT Malsain
17%
Le monde est méchant (V2) R.A.S
17%
Zifukoro Revendicateur
17%
Zifukoro Speingof
17%
Charo Life Alien
15%
Charo Life C.V.T.Q.L.F
15%
Zifukoro Mama Lova
15%
Zifukoro Midi minuit
15%
Charo Life Minuit
15%
Le monde est méchant T-Rain
15%
Le monde est méchant Canelo
13%
Zifukoro Claquer la monnaie
13%
GOAT HAQ
13%
Mr Sal J'suis dans les wayes
13%
Zifukoro L'ennemi
13%
Mr Sal Moula
13%
Charo Life Ohlolo
13%
Mr Sal Passa passa
13%
Le monde est méchant (V2) Toka
13%
Zifukoro Gere
12%
Le monde est méchant (V2) GSD
12%
Le monde est méchant Loup solitaire
12%
Zifukoro Oh Bella Ciao
12%
Zifukoro Savages
12%
Le monde est méchant (V2) Solo
12%
Charo Life Tchibili-tabala
12%
Mr Sal Tellement gang
12%
Zifukoro Tookie
12%
Mr Sal Tous les couler
12%
Le monde est méchant (V2) Corleone
10%
Le monde est méchant (V2) Nueve
10%
Zifukoro On l'a fait
10%
Charo Life On veux du yellow
10%
Le monde est méchant Paramètre
10%
Le monde est méchant (V2) Squaad
10%
Charo Life True
10%
Le monde est méchant (V2) Gâté
8%
Zifukoro Maître chien
8%
Le monde est méchant Service
8%
Zifukoro Jsuis dans l'truc
5%
Zifukoro Seconde chance
5%
Aucun quiz correspondant
Distribution des résultats
% des personnes avec chaque résultat
Percentile par nombre de réponses
Votre historique - résultats
Vous n’avez pas pris ce quiz depuis la dernière actualisation